=LDR 00000nam 2200000 4500 =001 INLIS000000000053360 =005 20180720034641 =035 ##$$a 0010-0718000014 =007 ta =008 180720###########################0###### =082 ##$$a 621.384 1 =084 ##$$a 621.384 1 ADO s =100 #$$a Ado Vebriando =245 1#$$a Servis radio perekam suara, televisi, VCD /$c Ado Vebriando =260 ##$$a 2009 :$b Bimantara =300 ##$: $b Ilus ; $c 21 cm =650 ##$$a Radio =990 ##$$a 76837683 =990 ##$$a 76837683 =990 ##$$a 76837683 =990 ##$$a 21710726 =990 ##$$a 01201807683 =990 ##$$a 01201807684 =990 ##$$a 21710727 =990 ##$$a 01201807683 =990 ##$$a 21710726 =990 ##$$a 21710728 =990 ##$$a 21710727 =990 ##$$a 21710726 =990 ##$$a 76867686 =990 ##$$a 76867686 =990 ##$$a 21710729 =990 ##$$a 21710728 =990 ##$$a 21710727 =990 ##$$a 21710726 =990 ##$$a 01201807687 =990 ##$$a 21710730 =990 ##$$a 21710728 =990 ##$$a 21710727 =990 ##$$a 21710726 =990 ##$$a 21710729